Anatomie pro bakaláře II. : systém kardiovaskulární, systém nervový, smyslové orgány, soustava kožní, žlázy s vnitřní sekrecí /

Hlavní autor: Pospíšilová, Blanka, 1944-
Korporativní autor: Technická univerzita v Liberci. Ústav zdravotnických studií
Další autoři: Šrám, Jaroslav, 1965-, Procházková, Olga, 1950-2023
Jazyk: Čeština
Vydáno: V Liberci : Technická univerzita, 2012
Vydání: Vyd. 1.
Témata:
Fyzický popis: 162 s. ; 30 cm + 1 CD-ROM
Knihy
Uloženo v:
LEADER 02480nam a2200601 a 4500
001 nkc20122392001
003 CZ PrNK
005 20121030074058.0
007 ta
008 120820s2012 xr e p 000 0 cze
015 |a cnb002392001 
020 |a 978-80-7372-849-6  |q (brož.) 
035 |a (OCoLC)817048912 
040 |a BOA001  |b cze  |d ABA001 
072 7 |a 611  |x Anatomie člověka a srovnávací anatomie  |2 Konspekt  |9 14 
072 7 |a 37.016  |x Učební osnovy. Vyučovací předměty. Učebnice  |2 Konspekt  |9 22 
080 |a 611  |2 MRF 
080 |a 611.1  |2 MRF 
080 |a 611.81/.83  |2 MRF 
080 |a 611.84/.88  |2 MRF 
080 |a 611.77  |2 MRF 
080 |a 611.43/.45  |2 MRF 
080 |a (075.8)  |2 MRF 
100 1 |a Pospíšilová, Blanka,  |d 1944-  |7 xx0064949  |4 aut 
245 1 0 |a Anatomie pro bakaláře II. :  |b systém kardiovaskulární, systém nervový, smyslové orgány, soustava kožní, žlázy s vnitřní sekrecí /  |c Blanka Pospíšilová, Jaroslav Šrám, Olga Procházková 
246 3 0 |a Systém kardiovaskulární, systém nervový, smyslové orgány, soustava kožní, žlázy s vnitřní sekrecí 
250 |a Vyd. 1. 
260 |a V Liberci :  |b Technická univerzita,  |c 2012 
300 |a 162 s. ;  |c 30 cm +  |e 1 CD-ROM 
500 |a Nad názvem: Technická univerzita v Liberci, Ústav zdravotnických studií 
521 8 |a Určeno pro studenty ÚZS TU v Liberci 
650 0 7 |a anatomie člověka  |7 ph118421  |2 czenas 
650 0 7 |a kardiovaskulární systém  |7 ph121472  |2 czenas 
650 0 7 |a nervový systém  |7 ph123243  |2 czenas 
650 0 7 |a smyslová ústrojí  |7 ph135034  |2 czenas 
650 0 7 |a krycí soustava  |7 ph121918  |2 czenas 
650 0 7 |a endokrinní žlázy  |7 ph119935  |2 czenas 
650 0 9 |a human anatomy  |2 eczenas 
650 0 9 |a cardiovascular system  |2 eczenas 
650 0 9 |a nervous system  |2 eczenas 
650 0 9 |a sense organs  |2 eczenas 
650 0 9 |a cutaneous system  |2 eczenas 
650 0 9 |a endocrine glands  |2 eczenas 
655 7 |a učebnice vysokých škol  |7 fd133772  |2 czenas 
655 9 |a textbooks (higher)  |2 eczenas 
700 1 |a Šrám, Jaroslav,  |d 1965-  |7 xx0081917  |4 aut 
700 1 |a Procházková, Olga,  |d 1950-2023  |7 mzk2005294987  |4 aut 
710 2 |a Technická univerzita v Liberci.  |b Ústav zdravotnických studií  |7 xx0039521 
910 2 |a BOA001  |b 4-1286.643 
990 |a BK 
995 |a 01 
991 |b 201209  |c NOV  |e n 
996 6 |b 2610521035  |c 4-1286.643  |l MZK  |r Sklad / do 1 hodiny  |n 3  |p p.v.  |w 001276800  |u 000010  |a 1  |e BOA001  |j MZK50  |s P